Statistiken für Deutsche Sehenswürdigkeiten

Klicken Sie hier um das Quiz zu spielen!

Allgemein

  • Dieses Quiz wurde 170 mal gespielt
  • Das Durchschnittsergebnis liegt bei 9 aus 16

Antwortstatistiken

Antwort% Korrekt
Reichstag
91%
Holstentor
80%
Semperoper
76%
Reeperbahn
74%
Wartburg
73%
Brocken
61%
Porta Nigra
61%
Zollverein
58%
Schweriner Schloss
57%
Walhalla
57%
Roland
50%
Sanssouci
50%
Paulskirche
43%
VW-Werk
43%
Neues Schloss (Stuttgart)
30%
Ludwigskirche
7%

Verteilung der Resultate

Perzentil nach korrekt beantworteten Fragen

Anzahl Personen mit jedem Resultat

Ihre Resultats-Entwicklung

Sie haben dieses Quiz noch nicht gespielt